| Record ID | ia:digitalopticalsh0938unse |
| Source | Internet Archive |
| Download MARC XML | https://archive.org/download/digitalopticalsh0938unse/digitalopticalsh0938unse_marc.xml |
| Download MARC binary | https://www.archive.org/download/digitalopticalsh0938unse/digitalopticalsh0938unse_meta.mrc |
LEADER: 01062nam a2200229 a 4500
001 88061011
003 DLC
005 19890930065857.2
008 890930s1988 waua b 10100 eng
010 $a 88061011
020 $a0892529733
050 0 $aTA1650$b.D54 1988
082 0 $a006.4/2$220
245 00 $aDigital and optical shape representation and pattern recognition :$b4-6 April 1988, Orlando, Florida /$cRichard D. Juday, chair/editor ; sponsored by SPIE--the International Society for Optical Engineering ; cooperating organizations, Applied Optics Laboratory/New Mexico State University ... [et al.].
260 0 $aBellingham, Wash., USA :$bSPIE,$cc1988.
300 $aviii, 479 p. :$bill. ;$c28 cm.
440 0 $aProceedings of SPIE--the International Society for Optical Engineering ;$vv. 938
504 $aIncludes bibliographies and index.
650 0 $aOptical pattern recognition$xCongresses.
650 0 $aImage processing$xDigital techniques$xCongresses.
700 10 $aJuday, Richard D.
710 20 $aSociety of Photo-optical Instrumentation Engineers.